| 000 | 00473nam a22001817a 4500 | ||
|---|---|---|---|
| 003 | NUST - PNEC | ||
| 005 | 20170116180907.0 | ||
| 008 | 150902b xxu||||| |||| 00| 0 eng d | ||
| 020 | _a0070647763 | ||
| 040 | _cLIBRARY | ||
| 082 | _a620.0078 HOL | ||
| 100 |
_96766 _aHolman, J. P. |
||
| 245 |
_aExperimental methods for engineers _cJ. P. Holman |
||
| 250 | _a7th ed. | ||
| 260 | _cc. 2001 | ||
| 650 |
_96769 _aEngineering instruments _xME, EE, EL |
||
| 942 |
_2ddc _cBK |
||
| 999 |
_c65143 _d65143 |
||